La adopcin̤ en Mx̌ico

Bibliographic Details
Main Author: Gonzl̀ez Martn̕, Nuria
Format: eBook
Language:Spanish
Published: Mx̌ico, D.F.: Nostra Ediciones, 2012
Subjects:
Online Access:Acceso restringido

MARC

LEADER 00000nam a22000007a 4500
005 20120917160926.0
007 cr|||| ||||
008 120917s2012 mx |||||s|||||00||0|spa d
020 |a 978-607-8237-04-3 
035 |a 6698 
040 |d vLex 
090 |c 3422  |d 3422 
100 1 |a Gonzl̀ez Martn̕, Nuria 
245 1 3 |a La adopcin̤ en Mx̌ico  |h [Recurso electrn̤ico] /  |c Nuria Gonzl̀ez Martn̕  
256 |a Servicio en ln̕ea 
260 |a Mx̌ico, D.F.:  |b Nostra Ediciones,  |c 2012 
300 |a 1 recurso electrn̤ico 
506 1 |a Contenido solo disponible en los productos indicados  |d vLex Global   |d vLex Global (Academic Edition, excluding Law Schools)   |d vLex Global (U.S. Academic Edition, Law Schools)   |d vLex Global (U.S. Academic Edition, excluding Law Schools)   |d vLex Global (Academic Edition, Law Schools)  
650 0 4 |a Adopcin̤  |z Mx̌ico 
740 0 |a vLex libros (Servicio en ln̕ea) 
856 4 0 |u http://vlex.com/source/adopcion-mexico-6698  |z Acceso restringido 
942 |c BOOK 
999 0 |a Adoption